00248nam a2200097Ia 4500001000800000005001700008008004100025020001800066245004700084260001900131126870020260417145255.0260417s9999 xx 000 0 und d a9786255888723 0aUzayda Kaybolan DomatescElif Sevli Özer bKetebe Çocuk